|
|
|
|
| LEADER |
00000nas a22000001a 4500 |
| 001 |
vtls010301806 |
| 003 |
SK-MaSNL |
| 005 |
20260228161629.0 |
| 008 |
110810d19511959xo wr p r 0 b0slo |
| 015 |
|
|
|a SNBDS17XX9999
|
| 015 |
|
|
|a 0959
|2 Balúnová 1945-60
|
| 038 |
|
|
|a SNKBUDS
|
| 040 |
|
|
|a SNK
|b slo
|c SNK
|e AACR2
|
| 041 |
0 |
|
|a slo
|
| 044 |
|
|
|a xo
|c SK
|
| 080 |
|
|
|a 63
|2 2001
|
| 245 |
0 |
0 |
|a Nový roľník
|b okresné roľnícke noviny - za zdarný pokrok našej dediny
|
| 260 |
|
|
|a Spišská Stará Ves
|b ONV v Spišskej Starej Vsi
|c 1951-1959
|
| 300 |
|
|
|a 9 roč.
|c 31 x 21 cm
|
| 310 |
|
|
|a 1x týždenne
|b 1952-1959
|
| 321 |
|
|
|a 1x mesačne
|b 1951
|
| 362 |
0 |
|
|a Roč. I, č. 1 (1951)-roč. IX, č. 29 (1959)
|
| 500 |
|
|
|a Vych. v Spišskej Starej Vsi mesačne, od 1/II (20. júla 1952) týždenne vo formáte 21 x 31 cm, od 18/IV (7. júna 1954) 43 x 31 cm
|
| 500 |
|
|
|a Ved. red. J. Richnavský s red. krúžkom, od 14/III (31. okt. 1953) Koloman Toman, v 6/IV (8. febr. 1954) Jozef Kolenič, do 7/IV (13. marca 1954) Koloman Toman, od 23/IV (18. aug. 1954) Ľudovít Kmetóny, od 1/V (5. febr. 1955) Ján Seman, od 6/V (16. mája 1955) Vasil Kočemba, od 7/VI (14. marca 1956) Andrej Grivalský
|
| 500 |
|
|
|a Vyd. ONV v Spišskej Starej Vsi
|
| 500 |
|
|
|a Tlač. rozmnož. cyklostylom, od 1/II (20. júla 1952) Východoslov. tlačiarne, n. p., záv. v Poprade, od 1/III (31. jan. 1953) Košické tlačiarne, n. p., prev. v Poprade, od 13/VIII (26. júna 1958) Východoslov. tlačiarne, n. p., závod v Košiciach
|
| 500 |
|
|
|a Známe len od II. roč., údaje o I. roč. podľa listu MNV v Spišskej Starej Vsi z 10. apr. 1963 (v archíve ŠVK)
|
| 505 |
8 |
0 |
|g Roč. I. 1951
|
| 505 |
8 |
0 |
|g Roč. II. 1952 9 č. po 2 s.
|
| 505 |
8 |
0 |
|g Roč. III. 1953 15 č. po 2 s.
|
| 505 |
8 |
0 |
|g Roč. IV. 1954 29 č. po 2 s.
|
| 505 |
8 |
0 |
|g Roč. V. 1955 21 č. po 2 s.
|
| 505 |
8 |
0 |
|g Roč. VI. 1956 32 č. po 2 s.
|
| 505 |
8 |
0 |
|g Roč. VII. 1957 24 č. po 2 s.
|
| 505 |
8 |
0 |
|g Roč. VIII. 1958 33 č. po 2 s.
|
| 505 |
8 |
0 |
|g Roč. IX. 1959 29 č. po 2 s.
|
| 580 |
|
|
|a Od jan. 1960 pokračovali pod názvom Zamagurské noviny
|
| 650 |
0 |
7 |
|a poľnohospodárstvo
|2 SNKPH
|9 679
|
| 651 |
|
7 |
|a Spišská Stará Ves (Slovensko)
|2 SNKBUDS
|9 54503
|
| 655 |
|
7 |
|a regionálne poľnohospodárske časopisy
|2 SNKBUDS
|9 268861
|
| 700 |
1 |
|
|a Richnavský, J.
|4 pbd
|9 269101
|
| 700 |
1 |
|
|a Toman, Koloman
|4 pbd
|9 269102
|
| 700 |
1 |
|
|a Kolenič, Jozef
|4 pbd
|9 269103
|
| 700 |
1 |
|
|a Kmetóny, Ľudovít
|4 pbd
|9 269104
|
| 700 |
1 |
|
|a Seman, Ján,
|d 1871-1944
|4 pbd
|9 40596
|
| 700 |
1 |
|
|a Kočemba, Vasiľ,
|d 1937-1998
|4 pbd
|9 122920
|
| 700 |
1 |
|
|a Grivalský, Andrej
|4 pbd
|9 269105
|
| 710 |
1 |
|
|a Spišská Stará Ves
|b Okresný národný výbor
|e vydav.
|9 269106
|
| 710 |
2 |
|
|a Východoslovenské tlačiarne, n. p. (Košice)
|b závod Poprad
|e tlač.
|9 269107
|
| 710 |
2 |
|
|a Košické tlačiarne, n.p. (Košice)
|b prevádzka Poprad
|e tlač.
|9 269108
|
| 710 |
2 |
|
|a Východoslovenské tlačiarne (Košice, Slovensko)
|9 29898
|
| 785 |
0 |
0 |
|t Zamagurské noviny
|
| 852 |
|
|
|a SNK
|b 10000
|h ČSB 736
|
| 852 |
|
|
|a UKB
|b 300000
|h SB 2288
|
| 852 |
|
|
|a UKB
|b 300000
|h 20 B 1351
|
| 852 |
|
|
|a SVKKK
|b 900000
|h E 230
|
| 999 |
|
|
|c 5829
|d 7759
|